Curriculum development and planning in Victoria
Αποθηκεύτηκε σε:
| Συγγραφή απο Οργανισμό/Αρχή: | |
|---|---|
| Μορφή: | Βιβλίο |
| Γλώσσα: | English |
| Δημοσίευση: |
Melbourne :
F.D.Atkinson ,
1984
|
| Σειρά: | Ministerial Paper ;
; 6 |
| Θέματα: | |
| Ετικέτες: |
Προσθήκη ετικέτας
Δεν υπάρχουν, Καταχωρήστε ετικέτα πρώτοι!
|
MARC
| LEADER | 00000nam a2200000 i 4500 | ||
|---|---|---|---|
| 001 | 1/82045 | ||
| 008 | 960614s1984 eng d | ||
| 020 | |a 0-7241-7431-1 | ||
| 035 | |a 1993 |b 1 |c Δωρεά |l 10033844 | ||
| 040 | |a GR-MY-UA |b gre |e aacr | ||
| 041 | 0 | |a eng | |
| 082 | 0 | |a 375.009945 | |
| 110 | 2 | |a Australia |b Education Dept. | |
| 245 | 1 | 0 | |a Curriculum development and planning in Victoria / |c Australia. Education Dept. |
| 260 | |a Melbourne : |b F.D.Atkinson , |c 1984 | ||
| 300 | |a 19 p. | ||
| 490 | 1 | |a Ministerial Paper |v ; 6 | |
| 500 | |a Issued by the Minister of Education for public information and discussion | ||
| 650 | 0 | 0 | |a Curriculum planning |z Australia |z Victoria. |
| 650 | 0 | 0 | |a Education |x Curricula |z Australia. |
| 830 | 0 | |a Ministerial Paper ; |v ; 6 | |
| 852 | |a INST |b RHODES |e 19960614 |h 375.009945 CUR |p 005400003577 |q 005400003577 |t BK |y 0 | ||
| 909 | |a Ρ |b 024755 | ||